[Event "TCh-RUS Rapid 2015"]
[Site "Sochi RUS"]
[Date "2015.05.08"]
[Round "1.11"]
[White "Riazantsev, Alexander"]
[Black "Savenkov, Konstantin"]
[Result "1-0"]
[WhiteTitle "GM"]
[BlackTitle "FM"]
[WhiteElo "2671"]
[BlackElo "2320"]
[WhiteTeam "Malachite (Sverdlovsk region)"]
[BlackTeam "Our heritage junior (Moscow)"]
[WhiteFideId "4125029"]
[BlackFideId "4138600"]
[EventDate "2015.05.08"]

1. d4 Nf6 2. c4 d6 3. Nc3 e5 4. d5 g6 5. e4 Bg7 6. f3 O-O 7. Bg5 c6 8. Qd2 h6 9.
Be3 cxd5 10. cxd5 Nbd7 11. O-O-O Kh7 12. g4 Ne8 13. h4 a6 14. Kb1 b5 15. Rc1 Nc5
16. h5 g5 17. Nh3 f6 18. Nf2 Rf7 19. Nd3 Nxd3 20. Bxd3 Qd7 21. a3 Qb7 22. Na2 a5
23. Rc6 Qb8 24. Rhc1 Rc7 25. Rb6 Rb7 26. Rxb7 Qxb7 27. Rc6 b4 28. axb4 axb4 29.
Qxb4 Qd7 30. Nc3 Bf8 31. Na4 Qd8 32. Nb6 Rb8 33. Qa4 Bb7 34. Rc3 Be7 35. Rb3 Qc7
36. Qd7 Ba6 37. Qf5+ 1-0

[Event "TCh-RUS Rapid 2015"]
[Site "Sochi RUS"]
[Date "2015.05.08"]
[Round "1.30"]
[White "Landa, Konstantin"]
[Black "Skomorokhin, Roman"]
[Result "1-0"]
[WhiteTitle "GM"]
[BlackTitle "IM"]
[WhiteElo "2634"]
[BlackElo "2381"]
[WhiteTeam "University (Belorechensk)"]
[BlackTeam "SK Volga (Kstovo)"]
[WhiteFideId "4101685"]
[BlackFideId "4112610"]
[EventDate "2015.05.08"]

1. d4 d5 2. c4 dxc4 3. e3 Nf6 4. Bxc4 a6 5. Nf3 e6 6. O-O b5 7. Be2 Nbd7 8. a4
b4 9. Nbd2 Bb7 10. Nb3 c5 11. Bd2 Bd5 12. Rc1 Qb6 13. a5 Qa7 14. Nxc5 Nxc5 15.
dxc5 Bxc5 16. Qa4+ Qd7 17. Bd1 Bxf3 18. Qxd7+ Nxd7 19. Bxf3 Rb8 20. Be2 Ke7 21.
Bxa6 Ra8 22. Bb5 Rxa5 23. Bxd7 Kxd7 24. Rfd1 Kc6 25. Bxb4 Rb5 26. Bc3 f6 27. b4 1-0

[Event "TCh-RUS Rapid 2015"]
[Site "Sochi RUS"]
[Date "2015.05.08"]
[Round "2.3"]
[White "Aleksandrov, Aleksej"]
[Black "Fedoseev, Vladimir3"]
[Result "0-1"]
[WhiteTitle "GM"]
[BlackTitle "GM"]
[WhiteElo "2605"]
[BlackElo "2683"]
[WhiteTeam "University (Belorechensk)"]
[BlackTeam "Bronze Horseman (St. Petersburg)"]
[WhiteFideId "13500139"]
[BlackFideId "24130737"]
[EventDate "2015.05.08"]

1. d4 Nf6 2. c4 e6 3. Nc3 Bb4 4. e3 O-O 5. Bd3 d5 6. cxd5 exd5 7. Ne2 Nbd7 8. a3
Bd6 9. O-O c5 10. Nb5 Bb8 11. dxc5 Nxc5 12. Bc2 Nce4 13. f3 a6 14. Nbd4 Nd6 15.
b3 Re8 16. Bd2 g6 17. Qe1 Nh5 18. a4 Bd7 19. Qf2 Bc7 20. Rad1 Rc8 21. Bc1 Qe7
22. g4 Nf6 23. h3 b5 24. axb5 Nxb5 25. Bd3 Bb6 26. Rfe1 h5 27. Nxb5 axb5 28. Nd4
Ba5 29. Re2 Nh7 30. Nxb5 Ng5 31. Kg2 hxg4 32. hxg4 Ne4 33. fxe4 dxe4 34. Bc4
Bxg4 35. Nd4 Bxe2 36. Nxe2 Red8 37. Rh1 Rc5 38. Bxf7+ Kg7 39. Bb2+ Re5 40. Qf4
Bc7 41. Qh6+ Kxf7 42. Qh7+ Kf6 43. Qxe7+ Kxe7 44. Rh7+ Ke8 45. Rxc7 Rg5+ 46. Kf1
Rd1+ 47. Kf2 Rf5+ 48. Kg3 Rf3+ 49. Kg4 Rd2 50. Nd4 Rg2+ 51. Kh4 Rf1 52. Kh3 Rxb2
53. Rb7 Rg1 54. b4 Rbg2 55. b5 Rg3+ 56. Kh2 R1g2+ 57. Kh1 Rb2 58. Ra7 Rxe3 59.
Ra1 Rd3 60. Ne6 Rh3+ 61. Kg1 Rg3+ 62. Kh1 Ke7 63. Nc5 Rxb5 64. Rc1 e3 65. Kh2
Rg4 66. Kh3 Rd4 67. Kg3 e2 68. Kf2 Rd1 69. Rc2 e1=Q+ 0-1

[Event "TCh-RUS Rapid 2015"]
[Site "Sochi RUS"]
[Date "2015.05.08"]
[Round "2.4"]
[White "Khairullin, Ildar"]
[Black "Tregubov, Pavel V."]
[Result "0-1"]
[WhiteTitle "GM"]
[BlackTitle "GM"]
[WhiteElo "2649"]
[BlackElo "2571"]
[WhiteTeam "Bronze Horseman (St. Petersburg)"]
[BlackTeam "University (Belorechensk)"]
[WhiteFideId "4151348"]
[BlackFideId "4115341"]
[EventDate "2015.05.08"]

1. d4 Nf6 2. c4 Nc6 3. Nc3 e5 4. d5 Ne7 5. e4 Ng6 6. Bd3 Bc5 7. Qe2 d6 8. g3 c6
9. h4 h6 10. Be3 Qb6 11. Bxc5 Qxc5 12. f3 a6 13. Qf2 Qa5 14. Ne2 cxd5 15. cxd5
b5 16. O-O b4 17. Nd1 Nd7 18. Ne3 Nc5 19. Nc4 Qd8 20. Qe3 O-O 21. Rac1 Nxd3 22.
Qxd3 a5 23. Qe3 f5 24. Qb6 fxe4 25. Qxd8 Rxd8 26. fxe4 Ba6 27. Rfe1 Nf8 28. Kf2
Nd7 29. Ke3 Nf6 30. Ng1 Bb5 31. Nf3 Ra7 32. Nfd2 a4 33. b3 Kf8 34. bxa4 Rxa4 35.
Rc2 Ke7 36. Rb1 Rc8 37. Rbb2 Ng4+ 38. Kf3 h5 39. Ke2 Rf8 40. Ke1 Rf2 41. Rb3 Rh2
42. Kd1 Ra7 43. Kc1 Ba4 44. Nb6 Bxb3 45. axb3 Ra1+ 46. Kb2 Ra6 47. Ndc4 Rxc2+
48. Kxc2 Nf2 0-1

[Event "TCh-RUS Rapid 2015"]
[Site "Sochi RUS"]
[Date "2015.05.08"]
[Round "2.7"]
[White "Grachev, Boris"]
[Black "Timofeev, Artyom"]
[Result "1-0"]
[WhiteTitle "GM"]
[BlackTitle "GM"]
[WhiteElo "2666"]
[BlackElo "2534"]
[WhiteTeam "Our Heritage SHSM-1 (Moscow)"]
[BlackTeam "Rook (Kazan)"]
[WhiteFideId "4129199"]
[BlackFideId "4140419"]
[EventDate "2015.05.08"]

1. d4 d5 2. Bf4 e6 3. e3 Nf6 4. Nd2 Bd6 5. Bg3 O-O 6. Bd3 c5 7. c3 b6 8. e4 Be7
9. e5 Nfd7 10. Qh5 f5 11. exf6 Nxf6 12. Qe2 cxd4 13. cxd4 Nc6 14. Ngf3 Nb4 15.
O-O Nxd3 16. Qxd3 Nh5 17. Rfe1 Nxg3 18. hxg3 Bd7 19. Ne5 Be8 20. f4 Rc8 21. Ndf3
Qc7 22. Re2 a5 23. Kf2 Bf6 24. Rh1 h6 25. Ng4 Qc4 26. Qe3 Bd7 27. Nge5 Qb5 28.
Nxd7 Qxd7 29. Qxe6+ Qxe6 30. Rxe6 Rc2+ 31. Re2 Rfc8 32. Re1 h5 33. Rxc2 Rxc2+
34. Re2 Rc1 35. Ke3 Kh7 36. Ne5 b5 37. g4 hxg4 38. Nxg4 Bd8 39. Ne5 Bb6 40. g4
Rd1 41. Nf3 Rc1 42. f5 g6 43. f6 g5 44. Rh2+ Kg8 45. Nxg5 Re1+ 46. Kf2 Rc1 47.
f7+ 1-0

[Event "TCh-RUS Rapid 2015"]
[Site "Sochi RUS"]
[Date "2015.05.08"]
[Round "2.21"]
[White "Golubov, Saveliy"]
[Black "Glek, Igor"]
[Result "0-1"]
[BlackTitle "GM"]
[WhiteElo "2405"]
[BlackElo "2403"]
[WhiteTeam "HQ Rakita - NIU BSU (Belgorod)"]
[BlackTeam "Academy Grandmaster IV Glek"]
[WhiteFideId "24176729"]
[BlackFideId "4100484"]
[EventDate "2015.05.08"]

1. e4 e6 2. d4 d5 3. Nc3 Nf6 4. Bg5 Bb4 5. Ne2 h6 6. Bxf6 Qxf6 7. a3 Ba5 8. exd5
O-O 9. Qd3 Rd8 10. b4 Bb6 11. Ne4 Qe7 12. dxe6 Bxe6 13. c3 Nc6 14. Nd2 Re8 15.
Nc4 Rad8 16. Ne3 Qf6 17. Qe4 a5 18. Qf4 Qg6 19. Rc1 axb4 20. axb4 Bd5 21. Qg3
Qf6 22. b5 Nxd4 23. Nxd5 Rxd5 24. cxd4 Rxd4 25. Qc3 Qd6 26. f3 Rd3 27. Qc4 Qa3
28. Rb1 Qa5+ 0-1

[Event "TCh-RUS Rapid 2015"]
[Site "Sochi RUS"]
[Date "2015.05.08"]
[Round "2.28"]
[White "Tereshechkina, Maya"]
[Black "Popov, Ivan RUS"]
[Result "0-1"]
[WhiteTitle "WFM"]
[BlackTitle "GM"]
[WhiteElo "2068"]
[BlackElo "2648"]
[WhiteTeam "Law Faculty of Moscow State University (Moscow)"]
[BlackTeam "SHSM-Our Heritage-2 (Moscow)"]
[WhiteFideId "4194578"]
[BlackFideId "4170350"]
[EventDate "2015.05.08"]

1. d4 Nf6 2. c4 b6 3. f3 Nc6 4. e4 e5 5. d5 Nd4 6. Be3 Bc5 7. Qd2 Nc2+ 8. Qxc2
Bxe3 9. Ne2 Qe7 10. Ng3 g6 11. Nd2 h5 12. Bd3 h4 13. Ngf1 Bh6 14. a3 c6 15. Rc1
O-O 16. Ke2 Nh5 17. g3 cxd5 18. cxd5 d6 19. Bb5 Bh3 20. Kf2 Rac8 21. Bc6 f5 22.
Ne3 Qg5 23. Ndf1 Bxf1 24. Nxf1 Qxc1 0-1

[Event "TCh-RUS Rapid 2015"]
[Site "Sochi RUS"]
[Date "2015.05.08"]
[Round "3.17"]
[White "Malakhov, Vladimir"]
[Black "Demidov, Mikhail"]
[Result "1/2-1/2"]
[WhiteTitle "GM"]
[BlackTitle "IM"]
[WhiteElo "2702"]
[BlackElo "2513"]
[WhiteTeam "Malachite (Sverdlovsk region)"]
[BlackTeam "Boavista (Moscow)"]
[WhiteFideId "4120787"]
[BlackFideId "4197143"]
[EventDate "2015.05.08"]

1. e4 e6 2. d4 d5 3. Nd2 Nf6 4. e5 Nfd7 5. f4 c5 6. Ngf3 Nc6 7. Nb3 cxd4 8.
Nfxd4 Nc5 9. Be3 Ne4 10. Bd3 Bd7 11. Qf3 Nxd4 12. Bxd4 Bc6 13. O-O Be7 14. f5
exf5 15. Qxf5 O-O 16. Rad1 g6 17. Qg4 Qc8 18. Qe2 a5 19. Bxe4 dxe4 20. Nd2 Qe6
21. Nxe4 Rad8 22. Nf6+ Kg7 23. c3 Qxa2 24. e6 Rxd4 25. cxd4 Qxe6 26. Qxe6 fxe6
27. Ng4 Rd8 28. Ne5 Be8 29. Rc1 Bd6 30. Rfe1 Bb8 31. Nf3 Kf6 32. Kf2 g5 33. g4
Bf4 34. Rc5 a4 35. Rd1 h5 36. h3 h4 37. Ne5 b6 38. Rc4 Ra8 39. Re1 Bg3+ 40. Ke2
Bb5 41. Rf1+ Kg7 42. Rf7+ Kg8 43. Rc7 Bxe5 44. dxe5 a3 45. bxa3 Rxa3 46. Rc8+
Kf7 47. Rc7+ Kg6 48. Kf2 Bxc4 49. Rxc4 Rxh3 50. Rc6 Rg3 51. Rxe6+ Kf7 52. Rxb6
Rxg4 53. Rf6+ Ke7 54. Kf3 Ra4 55. Rg6 Ra3+ 56. Kg4 Rg3+ 57. Kf5 h3 58. Rh6 g4
59. Rh7+ Kf8 60. e6 Rg1 61. Kg5 Rg2 62. e7+ Ke8 63. Kf6 Rf2+ 64. Ke6 Re2+ 65.
Kd6 h2 66. Rh8+ Kf7 67. Rh7+ Ke8 68. Rh8+ Kf7 69. Rh7+ Kf6 70. Rh6+ Kf7 71. Rh7+
Kf6 1/2-1/2

[Event "TCh-RUS Rapid 2015"]
[Site "Sochi RUS"]
[Date "2015.05.08"]
[Round "4.27"]
[White "Payanidi, Janis"]
[Black "Gerasimov, Ivan"]
[Result "0-1"]
[BlackTitle "FM"]
[WhiteElo "2252"]
[BlackElo "2329"]
[WhiteTeam "Youth of Moscow (Moscow)"]
[BlackTeam "Rook-2 (Kazan)"]
[WhiteFideId "24128490"]
[BlackFideId "4196562"]
[EventDate "2015.05.08"]

1. e4 c5 2. Nf3 e6 3. c3 Nf6 4. e5 Nd5 5. d4 cxd4 6. cxd4 b6 7. Nc3 Nxc3 8. bxc3
Qc7 9. Qb3 Bb7 10. Be2 d6 11. exd6 Bxd6 12. Ba3 O-O 13. O-O Nd7 14. Bxd6 Qxd6
15. a4 e5 16. dxe5 Nxe5 17. Nxe5 Qxe5 18. Rfe1 Rfe8 19. c4 Re6 20. Qg3 Qa5 21.
Qc7 Ba6 22. Kf1 Rae8 23. f3 h6 24. Qg3 Rxe2 25. Rxe2 Bxc4 26. Re1 Rxe2 27. Rxe2
Qd2 28. Qb8+ Kh7 29. Qe8 Qxe2+ 30. Qxe2 Bxe2+ 31. Kxe2 Kg6 32. Kd3 Kf5 33. Kc4
a6 34. Kd5 Kf4 35. Kc6 b5 36. axb5 axb5 37. Kxb5 Ke3 38. Kc6 Kf2 39. Kd6 Kxg2
40. Ke7 f5 41. f4 g5 0-1

[Event "TCh-RUS Rapid 2015"]
[Site "Sochi RUS"]
[Date "2015.05.08"]
[Round "4.30"]
[White "Belyakov, Bogdan"]
[Black "Bocharov, Ivan"]
[Result "1/2-1/2"]
[WhiteTitle "IM"]
[BlackTitle "FM"]
[WhiteElo "2478"]
[BlackElo "2489"]
[WhiteTeam "Yamal (YaNAO)"]
[BlackTeam "56 parallel (Krasnoyarsk)"]
[WhiteFideId "24104795"]
[BlackFideId "4180887"]
[EventDate "2015.05.08"]

1. e4 d5 2. exd5 Qxd5 3. Nc3 Qa5 4. Bc4 Nf6 5. d3 c6 6. Qe2 Bf5 7. Bd2 Qc7 8. h3
h5 9. Nf3 Nbd7 10. O-O-O Bg6 11. Nh4 Bh7 12. f4 Nb6 13. Bb3 Bg8 14. f5 O-O-O 15.
Qf2 Nfd5 16. Nxd5 cxd5 17. a4 e5 18. fxe6 Bc5 19. d4 Bd6 20. exf7 Bxf7 21. Nf5
Bg6 22. Nxd6+ Qxd6 23. Bf4 Rhf8 24. g3 Qc6 25. Qd2 Be4 26. Rhg1 Nc4 27. Qc3 g5
28. Bxg5 Rf3 29. Qb4 Rg8 30. Bf4 a5 31. Qc5 Qxc5 32. dxc5 h4 33. Bxc4 dxc4 34.
Rge1 Re8 35. Rd4 hxg3 36. Bxg3 Rxg3 37. Rdxe4 Rxe4 38. Rxe4 c3 39. bxc3 Rxh3 40.
Re8+ Kc7 41. Ra8 Rxc3 42. Rxa5 Kc6 43. Kb2 Rh3 44. Rb5 Rh4 45. Kb3 Rh1 46. Kb4
Rh4+ 47. c4 Rh1 48. Rb6+ Kc7 49. Rg6 Rb1+ 50. Ka5 Rb2 51. Rb6 Rc2 52. Rb4 Kc6
53. Rb6+ Kc7 54. Kb4 Rb2+ 55. Kc3 Ra2 56. Kb3 Ra1 57. Rh6 Rb1+ 58. Kc3 Rc1+ 59.
Kb4 Rb1+ 60. Ka5 Rb2 61. Rb6 Rc2 62. c6 bxc6 63. Ka6 Rxc4 64. a5 Rc5 65. Rb7+
Kc8 66. Rh7 Rb5 67. Rg7 Kb8 68. Rg6 Kc7 69. Rh6 Kd7 70. Rh1 Kc7 71. Rh2 Kc8 72.
Ra2 Kc7 73. Rg2 Kc8 74. Rg7 Kb8 75. Rh7 Kc8 76. Ka7 Rxa5+ 77. Kb6 Ra1 78. Kxc6
Rc1+ 1/2-1/2

[Event "TCh-RUS Rapid 2015"]
[Site "Sochi RUS"]
[Date "2015.05.08"]
[Round "4.33"]
[White "Demidov, Mikhail"]
[Black "Gabrielian, Artur"]
[Result "1-0"]
[WhiteTitle "IM"]
[BlackTitle "GM"]
[WhiteElo "2513"]
[BlackElo "2576"]
[WhiteTeam "Boavista (Moscow)"]
[BlackTeam "Stavropol region"]
[WhiteFideId "4197143"]
[BlackFideId "4131002"]
[EventDate "2015.05.08"]

1. Nc3 g6 2. e4 Bg7 3. d4 d6 4. Nf3 Nf6 5. Be2 O-O 6. O-O a6 7. a4 Nc6 8. h3 e5
9. dxe5 dxe5 10. Bg5 Be6 11. Qc1 Qb8 12. Rd1 Re8 13. Qe3 Qa7 14. Qxa7 Rxa7 15.
Rd2 Raa8 16. Rad1 Rac8 17. Kf1 h6 18. Bxf6 Bxf6 19. Nd5 Bg7 20. c3 f5 21. Nh4
Kh7 22. exf5 gxf5 23. g4 fxg4 24. hxg4 e4 25. Ne3 Ne5 26. Rd4 Bb3 27. R1d2 Nc6
28. Rxe4 Rxe4 29. Bd3 Re8 30. f3 Bf6 31. Nhg2 Bxa4 32. Bxe4+ Kh8 33. Nf5 Bb5+
34. Kf2 Bg5 35. Rd7 Ne5 36. Rxc7 Nxg4+ 37. Kg1 Nf6 38. Bxb7 Rd8 39. f4 Ng4 40.
Bf3 Bxf4 41. Nxf4 Ne5 42. Be4 Rg8+ 43. Kf2 Ng4+ 44. Ke1 Nf6 45. Bf3 Bd7 46. Nxh6
Rg1+ 47. Kf2 Rb1 48. b4 Kg7 49. Ng4 1-0

[Event "TCh-RUS Rapid 2015"]
[Site "Sochi RUS"]
[Date "2015.05.09"]
[Round "5.9"]
[White "Kamsky, Gata"]
[Black "Chigaev, Maksim"]
[Result "1-0"]
[WhiteTitle "GM"]
[BlackTitle "IM"]
[WhiteElo "2673"]
[BlackElo "2496"]
[WhiteTeam "Rook (Kazan)"]
[BlackTeam "SDYUSSHOR Hilti (St. Petersburg)"]
[WhiteFideId "2000024"]
[BlackFideId "4108116"]
[EventDate "2015.05.08"]

1. e4 c6 2. d4 d5 3. e5 c5 4. dxc5 Nc6 5. Bb5 e6 6. Nf3 Bxc5 7. O-O Ne7 8. Nbd2
Bd7 9. Nb3 Bb6 10. Bd3 Ng6 11. Re1 O-O 12. Be3 Qc7 13. Bxb6 axb6 14. Qe2 Ra4 15.
c3 Rg4 16. Qe3 Nf4 17. Bf1 f6 18. g3 Ng6 19. exf6 Rxf6 20. Nbd2 e5 21. h3 Ra4
22. Bg2 e4 23. Nh2 Nce5 24. b3 Ra8 25. c4 Raf8 26. Rf1 Nd3 27. cxd5 Nxf2 28. h4
Qe5 29. Nxe4 Nxe4 30. Bxe4 Rxf1+ 31. Rxf1 Re8 32. Qf2 Qxe4 33. Qf7+ Kh8 34. Qxd7
h6 35. Nf3 Rf8 36. Qe6 Qd3 37. Kg2 Rf6 38. Qc8+ Rf8 39. Qc4 Qe3 40. d6 Rd8 41.
Re1 Qc5 42. Qxc5 bxc5 43. Rd1 Kg8 44. h5 Nh8 45. Rd5 Nf7 46. Rxc5 Rxd6 47. Rc8+
Kh7 48. Rc7 Nd8 49. g4 Rd5 50. Kg3 b5 51. Rc8 Rd3 52. Kf4 Nf7 53. Rf8 Rd7 54.
Rb8 Rd5 55. Ke4 Rd7 56. Nd4 Ng5+ 57. Ke3 Re7+ 58. Kd3 Rd7 59. Rxb5 Nf3 60. Rb4
Ne5+ 61. Kc3 Rc7+ 62. Kd2 Nxg4 63. Ne6 Rd7+ 64. Kc3 Re7 65. Rxg4 Rxe6 66. Rh4 g5
67. hxg6+ Kxg6 68. a4 Kg5 69. Rh1 h5 70. b4 h4 71. b5 Re4 72. a5 Ra4 73. a6 Kg4
74. Kb3 Ra5 75. Kb4 Ra2 76. Kc5 h3 77. Kb6 Kg3 78. a7 1-0

[Event "TCh-RUS Rapid 2015"]
[Site "Sochi RUS"]
[Date "2015.05.09"]
[Round "5.20"]
[White "Pogromsky, Mikhail"]
[Black "Tregubov, Pavel V."]
[Result "1-0"]
[WhiteTitle "IM"]
[BlackTitle "GM"]
[WhiteElo "2428"]
[BlackElo "2571"]
[WhiteTeam "Polytechnic (Nizhny Tagil)"]
[BlackTeam "University (Belorechensk)"]
[WhiteFideId "4184688"]
[BlackFideId "4115341"]
[EventDate "2015.05.08"]

1. Nf3 Nf6 2. c4 Nc6 3. d4 e6 4. a3 d6 5. Nc3 g6 6. h3 Bg7 7. Bg5 h6 8. Bh4 O-O
9. e3 Qe8 10. Be2 e5 11. O-O g5 12. Bg3 e4 13. Nd2 Bf5 14. b4 Bg6 15. c5 Rd8 16.
Qb3 Qe7 17. Nc4 Nh5 18. Nd5 Qd7 19. Bxh5 Bxh5 20. cxd6 cxd6 21. Nxd6 Qe6 22.
Rfc1 Rxd6 23. Bxd6 Qxd6 24. b5 Na5 25. Qc3 b6 26. Nb4 g4 27. Qc7 Qe6 28. hxg4
Bxg4 29. Rc3 f5 30. Qf4 h5 31. Nc6 Bh6 32. Qe5 Qxe5 33. Nxe5 f4 34. Ng6 fxe3 35.
Nxf8 exf2+ 36. Kxf2 Kxf8 37. Re3 Bf5 38. Rc1 Ke7 39. Rxe4+ Bxe4 40. Re1 Nc4 41.
Rxe4+ Kf6 42. d5 Ne5 43. Ra4 Ng4+ 44. Kg3 Ke5 45. Rxa7 Nf6 46. a4 Bd2 47. Rf7
Be1+ 48. Kf3 Nxd5 49. Ke2 Bb4 50. Rh7 Ke4 51. g3 Nc3+ 52. Kf2 Bc5+ 53. Kg2 Nxa4
54. Rxh5 Nc3 55. Rxc5 1-0

[Event "TCh-RUS Rapid 2015"]
[Site "Sochi RUS"]
[Date "2015.05.09"]
[Round "5.26"]
[White "Bryzgalin, Kirill"]
[Black "Vavulin, Maksim"]
[Result "1-0"]
[WhiteTitle "GM"]
[BlackTitle "IM"]
[WhiteElo "2450"]
[BlackElo "2442"]
[WhiteTeam "Krasnodar region"]
[BlackTeam "Our heritage junior (Moscow)"]
[WhiteFideId "4133285"]
[BlackFideId "4169530"]
[EventDate "2015.05.08"]

1. c4 g6 2. g3 Bg7 3. Bg2 e5 4. Nc3 Ne7 5. e3 d6 6. Nge2 c6 7. d4 Qc7 8. b3 O-O
9. O-O a5 10. Ba3 Rd8 11. Qd2 Na6 12. Rfd1 Nb4 13. dxe5 Bxe5 14. Rac1 Bg4 15. h3
Bxe2 16. Nxe2 Qb6 17. Nc3 Nf5 18. Na4 Qc7 19. Be4 Ng7 20. Bxb4 axb4 21. Qxb4 Ne6
22. Bg2 h5 23. Rc2 Kh7 24. Qd2 f5 25. Nc3 Qg7 26. Ne2 Nc5 27. Nf4 Qe7 28. h4 Ne4
29. Qd3 Nc5 30. Qe2 Ne4 31. Nxh5 gxh5 32. Qxh5+ Kg8 33. Qxf5 Nc5 34. Rcd2 Ne6
35. Be4 Nc5 36. Bb1 Qg7 37. Rd4 Rf8 38. Qh5 Qh8 39. Rg4+ Bg7 40. Rxg7+ Qxg7 41.
Rd4 Rf6 42. Rg4 Qxg4 43. Qxg4+ Kf7 44. Qh5+ Ke7 45. f4 Re8 46. Kf2 Kd8 47. Qg5
Rf8 48. h5 Ne6 49. Qh4 Kc7 50. h6 R6f7 51. h7 Rh8 52. Bg6 Rg7 53. Qf6 1-0

[Event "TCh-RUS Rapid 2015"]
[Site "Sochi RUS"]
[Date "2015.05.09"]
[Round "5.30"]
[White "Shemeakin, Alexander"]
[Black "Belyakov, Bogdan"]
[Result "0-1"]
[WhiteTitle "IM"]
[BlackTitle "IM"]
[WhiteElo "2247"]
[BlackElo "2478"]
[WhiteTeam "Crimea (Republic of Crimea)"]
[BlackTeam "Yamal (YaNAO)"]
[WhiteFideId "14101840"]
[BlackFideId "24104795"]
[EventDate "2015.05.08"]

1. d4 Nf6 2. c4 g6 3. Nc3 Bg7 4. e4 O-O 5. Nge2 d6 6. Ng3 c5 7. d5 a6 8. a4 h5
9. Be2 e6 10. O-O h4 11. Nh1 exd5 12. cxd5 Re8 13. f3 Nh5 14. Be3 f5 15. Qd2 Bf6
16. Nf2 f4 17. Bxc5 dxc5 18. d6 Be6 19. Nd5 Bd4 20. Nc7 Qxd6 21. Nxe6 Qxe6 22.
Qc2 Kg7 23. Bc4 Qf6 24. Kh1 Nc6 25. Ng4 Ng3+ 0-1

[Event "TCh-RUS Rapid 2015"]
[Site "Sochi RUS"]
[Date "2015.05.09"]
[Round "6.2"]
[White "Riazantsev, Alexander"]
[Black "Najer, Evgeniy"]
[Result "1/2-1/2"]
[WhiteTitle "GM"]
[BlackTitle "GM"]
[WhiteElo "2671"]
[BlackElo "2663"]
[WhiteTeam "Malachite (Sverdlovsk region)"]
[BlackTeam "Our Heritage SHSM-1 (Moscow)"]
[WhiteFideId "4125029"]
[BlackFideId "4118987"]
[EventDate "2015.05.08"]

1. d4 d5 2. c4 c6 3. Nf3 Nf6 4. e3 Bg4 5. h3 Bh5 6. g4 Bg6 7. Ne5 e6 8. Nxg6
hxg6 9. Bg2 Nbd7 10. Qd3 Qa5+ 11. Nd2 dxc4 12. Qxc4 Bd6 13. a3 e5 14. b4 Qc7 15.
Bb2 exd4 16. Bxd4 O-O 17. O-O Bh2+ 18. Kh1 Be5 19. Nb3 Bxd4 20. Qxd4 Rfd8 21.
Qf4 Qxf4 22. exf4 Nf8 23. Nc5 b6 24. Ne4 Nd5 25. f5 gxf5 26. gxf5 Nf4 27. Rac1
Rac8 28. Rfd1 Rxd1+ 29. Rxd1 c5 30. bxc5 bxc5 31. Bf1 Rc7 32. h4 Re7 33. f3 Re5
34. Rd8 Rxf5 35. Ra8 Ng6 36. Rxa7 Rxf3 37. Bg2 Rf4 38. Nxc5 Nxh4 39. Ra8 Rd4 1/2-1/2

[Event "TCh-RUS Rapid 2015"]
[Site "Sochi RUS"]
[Date "2015.05.09"]
[Round "6.16"]
[White "Maletin, Pavel"]
[Black "Savitskiy, Sergey"]
[Result "1-0"]
[WhiteTitle "GM"]
[BlackTitle "FM"]
[WhiteElo "2587"]
[BlackElo "2330"]
[WhiteTeam "Sibir (Novosibirsk)"]
[BlackTeam "Yamal (YaNAO)"]
[WhiteFideId "4146786"]
[BlackFideId "24105660"]
[EventDate "2015.05.08"]

1. Nf3 Nf6 2. g3 g6 3. b3 Bg7 4. Bb2 O-O 5. Bg2 d6 6. d4 Nbd7 7. O-O e5 8. dxe5
dxe5 9. Nxe5 Nxe5 10. Bxe5 Qe7 11. Bb2 Rd8 12. Qe1 Bg4 13. Bxb7 Rab8 14. Bg2
Qxe2 15. Qxe2 Bxe2 16. Re1 Ba6 17. Na3 Rd2 18. Rad1 Rbd8 19. Rxd2 Rxd2 20. Bc1
Rd7 21. Bf3 h5 22. h3 Bf8 23. Nc4 Bxc4 24. bxc4 Bb4 25. Rd1 Rxd1+ 26. Bxd1 Ne4
27. Bf3 Nc3 28. a3 Bc5 29. Kf1 Nb1 30. a4 Na3 31. Bf4 Bb6 32. c5 Bxc5 33. c3 Nb1
34. Bxc7 Nxc3 35. a5 Nb5 36. Bf4 Nd4 37. Bd5 Kf8 38. a6 f6 39. h4 Ke7 40. Bb8 g5
41. hxg5 fxg5 42. Kg2 Kf6 43. Bc7 Ne6 44. Ba5 h4 45. Bb7 hxg3 46. Kxg3 Kf5 47.
Bc8 Bd6+ 48. Kg2 Kf6 49. Kf3 Nc5 50. Bc3+ Be5 51. Ba5 Bd6 52. Bb6 Nxa6 53. Bd4+
Be5 54. Bxe5+ Kxe5 55. Bxa6 Kf5 56. Kg3 Kf6 57. f3 Kf5 58. Bc8+ Kf6 59. Kf2 Ke5
60. Ke3 Kd5 1-0

[Event "TCh-RUS Rapid 2015"]
[Site "Sochi RUS"]
[Date "2015.05.09"]
[Round "6.30"]
[White "Skomorokhin, Vadim"]
[Black "Vastrukhin, Oleg"]
[Result "0-1"]
[WhiteTitle "FM"]
[WhiteElo "2342"]
[BlackElo "2389"]
[WhiteTeam "SK Volga (Kstovo)"]
[BlackTeam "Boavista (Moscow)"]
[WhiteFideId "4119835"]
[BlackFideId "4192770"]
[EventDate "2015.05.08"]

1. d4 g6 2. e4 c6 3. Nf3 Bg7 4. Bd3 d5 5. e5 Bg4 6. Nbd2 e6 7. c3 Ne7 8. Qb3 Qb6
9. Ng1 Bf5 10. Be2 h5 11. h3 Nd7 12. Ngf3 c5 13. O-O Nc6 14. Qxb6 Nxb6 15. b3
cxd4 16. cxd4 Rc8 17. Ba3 f6 18. Bb5 Kf7 19. Rac1 g5 20. Bxc6 bxc6 21. exf6 Bxf6
22. Rfe1 Nd7 23. Bd6 g4 24. hxg4 hxg4 25. Ne5+ Bxe5 26. Bxe5 Rh7 27. Nf1 c5 28.
Ng3 Kg6 29. Rc3 c4 30. bxc4 Rxc4 31. Rxc4 dxc4 32. Rc1 Bd3 33. Nf1 Bxf1 34. Rxf1
Nxe5 35. dxe5 Kf5 36. Rc1 Rc7 37. Kf1 Kxe5 38. Ke2 Kd4 39. Kd2 c3+ 40. Kc2 Rb7
41. Rd1+ Kc4 42. Re1 Rb2+ 43. Kc1 Rxa2 44. Rxe6 Rxf2 45. g3 Kb3 46. Kd1 c2+ 0-1

[Event "TCh-RUS Rapid 2015"]
[Site "Sochi RUS"]
[Date "2015.05.09"]
[Round "6.32"]
[White "Shumilina, Alexandra"]
[Black "Denishev, Marat"]
[Result "1-0"]
[WhiteTitle "WIM"]
[WhiteElo "2238"]
[BlackElo "2275"]
[WhiteTeam "SK Volga (Kstovo)"]
[BlackTeam "Boavista (Moscow)"]
[WhiteFideId "4165810"]
[BlackFideId "24131563"]
[EventDate "2015.05.08"]

1. e4 c5 2. c3 Nc6 3. d4 cxd4 4. cxd4 e5 5. d5 Nd4 6. Bd3 Bb4+ 7. Nc3 Nf6 8. Ne2
Nxe2 9. Qxe2 d6 10. O-O O-O 11. Bg5 h6 12. Bh4 g5 13. Bg3 Bg4 14. f3 Bd7 15. Bf2
Nh5 16. g3 Ng7 17. g4 Ne8 18. Nd1 Nf6 19. Kg2 Nh7 20. Rh1 Rc8 21. a3 Bc5 22.
Bxc5 Rxc5 23. b4 Rc7 24. Ne3 Qe7 25. Bb5 Bc8 26. Rac1 a6 27. Bd3 Rd8 28. Qd2 Nf8
29. Rxc7 Qxc7 30. Rc1 Qb6 31. Nf5 Bxf5 32. gxf5 Nh7 33. Qf2 Qxf2+ 34. Kxf2 Rd7
35. Rc8+ Kg7 36. Bc2 h5 37. h3 Kf6 38. Ba4 b5 39. Bd1 Ke7 40. Ra8 Rc7 41. Rxa6
Rc1 42. Be2 g4 43. fxg4 hxg4 44. hxg4 Ng5 45. Ke3 Rc3+ 46. Bd3 Rb3 47. Ra7+ Kf6
48. Rd7 Nh3 49. Kd2 Nf2 50. Bc2 Rxa3 51. Rxd6+ Ke7 52. Rb6 Ra2 53. Kc3 Nxg4 54.
Kb3 Ra1 55. Bd3 Nf2 56. f6+ Kd8 57. Bc2 Ng4 58. Rb8+ Kc7 59. Rf8 Nxf6 60. Rxf7+
Nd7 61. Bd3 Kd6 62. Bxb5 Nb6 63. Rf6+ Kc7 64. Rc6+ Kb7 65. Re6 Rb1+ 66. Kc3 Rc1+
67. Kb2 Rh1 68. Re7+ Kb8 69. Rxe5 Rh2+ 70. Kc3 Rh3+ 71. Kd4 Rb3 72. Kc5 Nc8 73.
d6 Rc3+ 74. Kd4 1-0